| 000 | | | 05767ckm0a2200361#x 450 |
| 001 | | | f33f604a-0260-4e1f-8ee9-e9eede9051bf |
| 005 | | | 20240415151319.0 |
| 100 | ## | $a | 20240410j19440717k###0rusy50 ca |
| 101 | 0# | $a | rus |
| 102 | ## | $a | RU |
| 116 | ## | $a | fiybxx####zz####zz |
| 122 | 0# | $a | d19440717## |
| 200 | 1# | $a | Кинооператоры Р. Л. Кармен (слева) и И. П. Копалин (на автомобиле) на съемках колонны немецких военнопленных. г. Москва |
| | $j | 17 июля 1944 г. |
| 251 | ## | $c | Документ |
| 300 | ## | $a | Фотография. Автор не установлен |
| 461 | #0 | $1 | 2001 |
| | $a | Ф. 2989. Личный фонд Р. Л. Кармена |
| | $1 | 251 |
| | $c | Фонд |
| | $1 | 852 |
| | $j | 2989 |
| 462 | #0 | $1 | 2001 |
| | $a | Оп. 1 |
| | $1 | 251 |
| | $c | Опись |
| | $1 | 852 |
| | $j | 1 |
| 462 | #0 | $1 | 2001 |
| | $a | Ед. хр. 866 |
| | $v | Л. 1 |
| | $1 | 251 |
| | $c | Дело |
| | $1 | 852 |
| | $j | 866 |
| 600 | #1 | $2 | nlr_sh |
| | $3 | RU\NLR\AUTH\66369843 |
| | $a | Кармен |
| | $g | Роман Лазаревич |
| | $b | Р.Л. |
| | $f | 1906 - 1978 |
| | $j | Фотографии |
| 600 | #1 | $2 | nlr_sh |
| | $3 | RU\NLR\AUTH\66369842 |
| | $a | Копалин |
| | $g | Илья Петрович |
| | $b | И.П. |
| | $f | 1900-1976 |
| | $j | Фотографии |
| 605 | ## | $2 | prlib_sh |
| | $3 | LIBNET\UAF\0000088514 |
| | $a | Вторая мировая война в архивных документах (Комплекс оцифрованных архивных документов, кино- и фотоматериалов) |
| | $l | коллекция |
| 606 | 1# | $2 | nlr_sh |
| | $3 | RU\NLR\AUTH\661524615 |
| | $a | Великая Отечественная война |
| | $z | 1941 - 1945 |
| | $x | Немецкие военнопленные |
| | $j | Фотографии |
| 607 | ## | $2 | nlr_sh |
| | $3 | RU\NLR\AUTH\66182370 |
| | $a | Москва, город |
| | $x | История |
| | $z | 1941 - 1945 |
| | $j | Фотографии |
| 608 | ## | $2 | prlib_sh |
| | $3 | LIBNET\UAF\0000110286 |
| | $a | Документальные фотографии |
| | $z | 1944 |
| 617 | ## | $d | Москва, город |
| | $2 | prlib_sh |
| 686 | ## | $a | 63.3(2)62-8я611 |
| | $v | LBC/M |
| | $2 | rubbk |
| 686 | ## | $a | 63.3(2-2М)622я611 |
| | $v | LBC/M |
| | $2 | rubbk |
| 686 | ## | $a | 85.374.0,75я611 |
| | $v | LBC/M |
| | $2 | rubbk |
| 801 | #0 | $a | RU |
| | $b | ПБ им. Б.Н. Ельцина |
| | $c | 20240410 |
| 801 | #1 | $a | RU |
| | $b | ПБ им. Б.Н. Ельцина |
| | $c | 20240410 |
| | $2 | rusmarc |
| 801 | #2 | $a | RU |
| | $b | ПБ им. Б.Н. Ельцина |
| | $c | 20240415 |
| | $2 | rusmarc |
| 850 | ## | $a | Российский государственный архив литературы и искусства |
| 852 | ## | $a | РГАЛИ |
| | $j | Л. 1 |
| 035 | ## | $a | LIBNET\0001393304 |
| 937 | ## | $d | 191768531 |
| | $h | Федеральное архивное агентство |
| 856 | 4# | $u | http://readingroom.main.prlib.ru/item.aspx?id_node=n191768531&mode=full |